00488nam a2200169Ia 4500003000900000008004100009040001600050080001600066100002200082245007800104260004200182300001500224650003100239650001200270650001000282700002600292IN-BaIIA211028s9999 xx 000 0 eng d cIIA Library a03:582bBLA aBlatter Ethelbert 0aSome beautiful Indian treescEthelbert Blatter and Walter Samuel Millard. aBombaybNatural History Societyc1977 axiv, 165p. aBotany -- Pictorial works. aBotany. aTrees aMillard Walter Samuel